logo

Bir Sreshtho Munshi Abdur Rouf Library
Jhenaidah Cadet College

Oxford English-English-Bengali dictionary / (Record no. 13130)

MARC details
000 -LEADER
fixed length control field 00751nam a2200265 a 4500
003 - CONTROL NUMBER IDENTIFIER
JCCL marc code BD-JhCC
005 - DATE AND TIME OF LATEST TRANSACTION
control field 20230712083734.0
008 - FIXED-LENGTH DATA ELEMENTS--GENERAL INFORMATION
fixed length control field 230623s20172020ii |||| || | 000 0 eng d
020 ## - INTERNATIONAL STANDARD BOOK NUMBER
International Standard Book Number 9780199478071
020 ## - INTERNATIONAL STANDARD BOOK NUMBER
International Standard Book Number 0199478074
035 ## - SYSTEM CONTROL NUMBER
system control number (BD-JhCC)
040 ## - CATALOGING SOURCE
Original cataloging agency BD-JhCC
Modifying agency BD-JhCC
041 ## - LANGUAGE CODE
Language code of Book eng
082 ## - DEWEY DECIMAL CLASSIFICATION NUMBER
Classification number 491.443
Author mark and Year OXF 2020
245 ## - TITLE STATEMENT
Title Oxford English-English-Bengali dictionary /
Statement of responsibility, etc edited by Moitreyee Mitra and Dipendranath Mitra
250 ## - EDITION STATEMENT
Edition statement 9th ed.
260 ## - PUBLICATION, DISTRIBUTION, ETC. (IMPRINT)
Place of publication, distribution, etc New Delhi :
Name of publisher, distributor, etc Oxford University Press,
Date of publication, distribution, etc 2020.
300 ## - PHYSICAL DESCRIPTION
Pagination 1485 p. :
Dimensions 23 cm.
650 ## - SUBJECT ADDED ENTRY--TOPICAL TERM
Topical term or geographic name as entry element English Dictionary
650 ## - SUBJECT ADDED ENTRY--TOPICAL TERM
Topical term or geographic name as entry element Dictionaries, Bengali
700 ## - ADDED ENTRY--PERSONAL NAME
Personal name Mitra, Moitreyee
700 ## - ADDED ENTRY--PERSONAL NAME
Personal name Mitra, Dipendranath
942 ## - ADDED ENTRY ELEMENTS (KOHA)
Source of classification or shelving scheme Dewey Decimal Classification
Koha item type Reference
Holdings
Source of classification or shelving scheme Damaged status Not for loan Home library Current library Shelving location Date of accession Cost, normal purchase price Total Checkouts Full call number Barcode Date last seen Copy number Method of acquisition Koha item type Currency
Dewey Decimal Classification     JCC Rouf Library JCC Rouf Library General Stacks 06/17/2023 1233.00   491.443 OXF 2020 17096 07/12/2023 C-1 Purchase Reference BDT

JCC Library | Contacts | JCC Home

Last Update on 23 September 2017
Copyright @ 2017-2020 JCC Rouf Library
Rouf Library, Jhenidah Cadet College (JCC), Bangladesh